Marginalised but not defeated (Record no. 394899)

MARC details
000 -LEADER
fixed length control field 00554 a2200217 4500
005 - DATE & TIME
control field 20260310112021.0
008 - FIXED-LENGTH DATA ELEMENTS--GENERAL INFORMATION
fixed length control field 260310b |||||||| |||| 00| 0 eng d
020 ## - ISBN
International Standard Book Number 9788195408375
Price Rs. 1295.00
040 9# - CATALOGING SOURCE
Original cataloging agency VIVEKANANDA LIBRARY
082 ## - DDC NUMBER
Classification number 923.254
Book Number B651M
100 ## - MAIN ENTRY--PERSONAL NAME
Personal name Bose, Tarun Kanti
245 ## - TITLE STATEMENT
Title Marginalised but not defeated
260 ## - PUBLICATION, DISTRIBUTION, ETC. (IMPRINT)
Name of publisher, distributor, etc Uppal Publishing House
Date of publication, distribution, etc 2023
Place of publication, distribution, etc New Delhi
300 ## - PHYSICAL DESCRIPTION
Pages xii, 276
650 ## - Subject
Subject History
650 ## - Subject
Subject Capitalism
650 ## - Subject
Subject Political Leaders
650 ## - Subject
Subject India
700 ## - Added Entry Personal Name
Added Entry Personal Name Chaudhary, Ashok
942 ## - ADDED ENTRY ELEMENTS (KOHA)
Koha item type Books
Holdings
Withdrawn status Lost status Source of classification or shelving scheme Damaged status Not for loan Location (home branch) Sublocation or collection (holding branch) Shelving location Date acquired Koha issues (times borrowed) Koha full call number Accession No. Koha date last seen Koha item type
    Dewey Decimal Classification     VIVEKANANDA LIBRARY VIVEKANANDA LIBRARY Vivekananda Library 28/01/2026   923.254 B651M 444678 28/01/2026 Books
© Designed and Maintained by Vivekananda Library, MDU Rohtak